000 00817nam a22002297a 4500
005 20240530110522.0
008 160221s2013 ua a g b 000 0 ara d
017 _a2013/2377
_bمصر . دار الكتب المصرية
020 _a9772329052
040 _aEG-CaGPL
082 0 4 _221
_a302\
_bس ف
100 0 _aسناء محمد سليمان .
245 1 0 _aفن و ادب الحوار بين الاصالة و المعاصرة /
_cاعداد سناء محمد سليمان .
250 _aط1.
260 _aالقاهرة :
_bعالم الكتب ،
_c2013 .
300 _a302 ص ؛
_c24 سم .
504 _aببليوجرافية : ص 282 - 295
650 0 4 _aعلم النفس الاجتماعى .
650 0 4 _aالاقناع .
942 _2ddc
_cBK
999 _c61923
_d61923